[Event "Main Vogelsberg op 15th"]
[Site "Waechtersbach"]
[Date "2021.10.03"]
[Round "5.12"]
[White "Groen, Benjamin"]
[Black "Sinnhoefer, Jonas"]
[Result "0-1"]
[WhiteElo "1661"]
[BlackElo "1814"]
[PlyCount "82"]
[EventDate "2021.10.01"]
[EventType "swiss"]
[EventRounds "5"]
[EventCountry "GER"]
[SourceTitle "EXT 2023"]
[Source "ChessBase"]
[SourceDate "2022.10.05"]
[SourceVersion "1"]
[SourceVersionDate "2022.10.05"]
[SourceQuality "1"]

1. d4 Nf6 2. Bf4 d5 3. e3 c5 4. c3 Nc6 5. Bd3 Bg4 6. Qc2 e6 7. Nd2 Be7 8. f3 Bh5 9. g4 c4 10. gxh5 cxd3 11. Qxd3 Nxh5 12. Bg3 Nxg3 13. hxg3 Qc7 14. f4 h5 15. Ngf3 f5 16. Kf2 Kf7 17. a3 Rag8 18. c4 Qd7 19. c5 g5 20. b4 a6 21. Qb3 Qc7 22. a4 h4 23. Ne5+ Nxe5 24. fxe5 g4 25. gxh4 Bxh4+ 26. Ke2 Bg3 27. Rag1 Bh2 28. Rg2 Bxe5 29. Rxh8 Bxh8 30. b5 Bf6 31. Qd3 axb5 32. axb5 Rh8 33. Nf1 Ra8 34. Kf2 Bd8 35. Kg1 Ra1 36. Rh2 Qg3+ 37. Rg2 Qe1 38. Qe2 Qc1 39. Rf2 Bg5 40. Qxg4 Bxe3 41. Qh5+ Kg7 0-1

[Event "Main Vogelsberg op 15th"]
[Site "Waechtersbach"]
[Date "2021.10.02"]
[Round "2.16"]
[White "Groen, Benjamin"]
[Black "Leitz, Markus"]
[Result "1-0"]
[WhiteElo "1661"]
[BlackElo "1731"]
[PlyCount "73"]
[EventDate "2021.10.01"]
[EventType "swiss"]
[EventRounds "5"]
[EventCountry "GER"]
[SourceTitle "EXT 2023"]
[Source "ChessBase"]
[SourceDate "2022.10.05"]
[SourceVersion "1"]
[SourceVersionDate "2022.10.05"]
[SourceQuality "1"]

1. d4 d5 2. c4 e5 3. dxe5 d4 4. Nf3 Nc6 5. g3 Be6 6. Bg5 Be7 7. Bxe7 Ngxe7 8. Nbd2 0-0 9. Bg2 Ng6 10. 0-0 Ngxe5 11. b3 Qd7 12. Nxe5 Nxe5 13. Bxb7 Rad8 14. Bh1 f5 15. Nf3 Ng6 16. Ng5 c6 17. f4 Rfe8 18. Qd3 h6 19. Nf3 Bf7 20. h4 Re3 21. Qd2 c5 22. Kh2 Rde8 23. Rae1 Qd6 24. Bg2 Qe6 25. h5 Nf8 26. Ne5 Rxe5 27. fxe5 Qxe5 28. Qf4 Bxh5 29. Bd5+ Kh8 30. Qxf5 Qxf5 31. Rxf5 Bg6 32. Bf7 Bxf7 33. Rxf7 d3 34. e4 Ne6 35. Kg2 Ng5 36. Rd7 Nxe4 37. Rxd3 1-0